000 00697nam a2200217 i 4500
001 100562
003 ES-MaACL
005 20230906182710.0
007 t|
008 050929s1957 es ||||1| spa d
100 1 _aMasferrer, Alberto.
_978709
245 1 0 _a¿Qué debemos saber?
_b: cartas a un obrero /
_cAlberto Masferrer.
250 _a[4ª ed.].
260 _aSan Salvador :
_bMinisterio de Cultura, Departamento Editorial,
_c1957.
300 _a83 p. ;
_c18 cm.
490 1 _aBiblioteca popular ;
_v17
710 1 _aEl Salvador.
_bMinisterio de Cultura.
_93462
830 0 _aBiblioteca popular ;
_v17
_9181768
852 _aES-MaACL
_j1998-F-16
_bR.41955
999 _c100562
_d100562